00569nam a2200193 a 4500001001300000003000900013005001700022008004100039020002300080082001600103100001700119245008100136260004500217300000900262500003500271505003000306650002200336700001700358nice12345678IN_TiNIC20260116013956.0050524s1997 dela grp 000 0 eng  a8170183 c60000a312.9bBOS1 aBose, Ashish aPopulation Profile of Religion in Indiab District Wise Data from 1991 Censu aDelhibB.R.Publishing Corporation c1997 a383p aincludes index and biblioraphy2 aGlossary, index of places aCensus-India-19911 aBose, Ashish